Biblioteca

The Calvary road (Registro nro. 66366)

Detalles MARC
000 -LÍDER
Campo fijo de descripción fija 01169cam a2200325 i 4500
001 - NÚMERO DE CONTROL
Campo de control 768714001
003 - IDENTIFICADOR DEL NÚMERO DE CONTROL
Campo de control CO-MdFUSB
005 - FECHA Y HORA DE LA ULTIMA TRANSACCIÓN
control field 20210531173548.0
007 - CAMPO FIJO DE DESCRIPCIÓN FIJA--INFORMACIÓN GENERAL
Campo fijo de descripción fija ta
008 - ELEMENTOS DE LONGITUD FIJA -- INFORMACIÓN GENERAL
Campo fijo de descripción fija -- Información general 760323t1950 pau 000 0 eng d
020 ## - NÚMERO INTERNACIONAL NORMALIZADO PARA LIBROS
Número Internacional Normalizado del libro 087508236x
040 ## - FUENTE DE CATALOGACIÓN
Agencia de catalogación original IMC
Agencia que realiza la transcripción CO-MdFUSB
Agencia que realiza la modificación FYB
Idioma de catalogación spa
Convenciones de la descripción rda
041 ## - CÓDIGO DE IDIOMA
Código de idioma para texto/pista de sonido o título separado eng
082 ## - NÚMERO DE CLASIFICACIÓN DECIMAL DEWEY
Número de la edición del Dewey 23
Número de clasificación 248.4
Clave de autor-Numero de item H587
100 1# - ASIENTO PRINCIPAL--NOMBRE PERSONAL
Nombre personal Hession, Roy.
Término relacionador autor
245 14 - TÍTULO
Título del Material The Calvary road
Mención de responsabilidad, etc. / Roy Hession , Revel Hession.
264 #1 - PRODUCCIÓN, PUBLICACIÓN, DISTRIBUCIÓN, MANUFACTURA, Y COPYRIGHT
Lugar de producción, publicación, distribución, manufactura Fort Washington, Pa. :
Nombre del productor, publicador, distribuidor Christian Literature Crusade,
Fecha de producción, publicación, distribución, manufactura, o copyright [1950]
264 #4 - PRODUCCIÓN, PUBLICACIÓN, DISTRIBUCIÓN, MANUFACTURA, Y COPYRIGHT
Fecha de producción, publicación, distribución, manufactura, o copyright © 1950
300 ## - DESCRIPCIÓN FÍSICA
Extensión 74 páginas. ;
Dimensiones 19 cm.
336 ## - TIPO DE CONTENIDO
Fuente rdacontent
Término de tipo de contenido texto
Código de tipo de contenido txt
337 ## - TIPO DE MEDIO
Fuente rdamedia
Nombre del tipo de medio sin mediación
Código del tipo de medio n
338 ## - TIPO DE SOPORTE
Fuente rdacarrier
Nombre del tipo de soporte volumen
Código Tipo de soporte nc
505 ## - NOTA DE CONTENIDO
Nota de contenido con formato preestablecido Quebrantamiento. -- Copas corriendo. -- El camino de la comunión. -- La carretera de la santidad. -- La paloma y el cordero - El<br/>avivamiento en el hogar. -- La mota y la viga. -- ¿Estás dispuesto a ser un sirviente? -- El poder y la sangre del cordero - ¿Protestando nuestra inocencia?
563 ## - NOTA DE ENCUADERNACIÓN
Nota de encuadernación Rústico
650 #0 - ASIENTO SECUNDARIO DE MATERIA - TERMINO TEMÁTICO
9 (RLIN) 19
Término temático o nombre geográfico como elemento de entrada Vida cristiana
700 1# - ASIENTO SECUNDARIO - NOMBRE PERSONAL
Nombre personal Hession, Revel.
Responsabilidad autor
942 ## - TIPO DE MATERIAL (KOHA)
Tipo de Item KOHA Libros General
945 ## - INFORMACIÓN LOCAL DEL REGISTRO
Catalogador JTF-925
Existencias
Estado de Material Estado de Perdido Forma de Clasificación Estado de Dañado No para Préstamo Colección Biblioteca de Origen Biblioteca Permanente Fecha de Adquisición Área Total de Préstamos Signatura Topográfica Código de Barras Última vez visto Ejemplar/Existencia Fecha de Remplazo Tipo de Material
    Dewey Decimal Classification     Colección General Biblioteca FUSBC Biblioteca FUSBC 01/07/2020 VIDA CRISTIANA   G 248.4 H587c 13232 01/07/2020 Ej.1 01/07/2020 Libros General

Biblioteca FUSBC | Teléfono: (57+4) 349 88 10 Ext. 141| WhatsApp (+57) 3005338115 
E-mail: biblioteca@unisbc.edu.co | Calle 76 87-14 Robledo Palenque, Medellín, Colombia

Con tecnología Koha